000 01003cam a22002894a 4500
001 15190150
003 BJBSDDR
005 20250317150613.0
007 ta
008 080222s2007 sp a b 000 0 spa
010 _a 2008375561
020 _a9788474764345 (pbk.)
040 _aDLC
_cDLC
_bspa
041 _aspa
043 _ae-sp---
050 1 4 _aCIS H 1
_bC397 N.243
100 1 _a Martínez, Rafael
_d1965-
_911021
245 1 4 _aLos mandos de las Fuerzas Armadas españolas del siglo XXI /
_cRafael Martínez.
250 _aprimera edición
260 _aMadrid :
_bCentro de Investigaciones Sociológicas,
_c2007.
300 _a304 páginas :
_bilustración ;
_c22 cm.
440 0 _aColección Monografías (Centro de Investigaciones Sociológicas) ;
_95797
_v243
504 _aIncluye referencias bibliográficas (p. 249-263).
650 4 _aRelaciones cívico militares
_917213
_zEspaña
651 4 _aEspaña
_xFuerzas Armadas
_xOficiales
_xActitudes
_930199
942 _2lcc
_n0
_cBK
999 _c122972
_d122972